• 首页
  • 本馆介绍
  • 公告通知
  • 最新文献
  • 馆藏检索
  • 电子资源
  • 读者导购
  • 参考咨询
  • 我的图书馆
  • 登录
  • 详细信息显示
  • 放入我的书架
  • 预约/预借图书
  • 作者相关作品
  • 分类相关作品
  • 丛书相关作品
  • 出版社相关作品

书目信息

  • 表格格式
  • 工作单格式
  • 卡片格式
题名:
食用豆类作物
    
 
作者: 龙静宜 编著
分册:  
出版信息: 北京   科学出版社  1989.12
页数: 338页
开本: 19cm
丛书名:
单 册:
中图分类: S52
科图分类: 66.2
主题词: 豆类作物
电子资源:
ISBN: 7-03-000670-4
000 00791nam0 2200253 450
001 0189022338
005 20130329125246.0
010    @a7-03-000670-4@dCNY6.10
011    @a7-03-000670-4
100    @a20130329d1989 m y0chiy0110 ea
101 0  @achi
102    @aCN@b110000
105    @af z 000yy
106    @ar
200 1  @a食用豆类作物@9Shi;Si Yong Dou Lei Zuo Wu @f龙静宜等编著
210    @a北京@c科学出版社@d1989.12
215    @a338页@c彩图@d19cm
330    @a本书介绍了国内外广泛栽培的20种食用豆类作物,着重阐述每种豆类作物的植物学特征、生物学特征、栽培管理技术、营养价值与利用。
606 0  @a豆类作物
690    @aS52@v1980
692    @a66.2@v1974
701  0 @a龙静宜@9long jing yi@c(女,@f1933.7~)@4编著
801  0 @aCN@b91MARC@c20130904
905    @aBZT@dS52@e4@f2@sS52/4
    
    食用豆类作物/龙静宜等编著.-北京:科学出版社,1989.12
    338页:彩图;19cm
    
    
    ISBN 7-03-000670-4:CNY6.10
    本书介绍了国内外广泛栽培的20种食用豆类作物,着重阐述每种豆类作物的植物学特征、生物学特征、栽培管理技术、营养价值与利用。
●
相关链接 在五车中查询图书 在当当中查询图书 在豆瓣中查询图书


正题名:食用豆类作物     索取号:S52/4         预约/预借

序号 登录号 条形码 馆藏地/架位号 状态 备注
1 2000142793   2000142793   旧书回溯/ [索取号:S52/4] 在馆    
2 2000142794   2000142794   旧书回溯/ [索取号:S52/4] 在馆    
山东省滨州职业学院图书馆 欢迎您!
大连网信软件有限公司© 版权所有